|
|
|
|
| LEADER |
00625nam a22001577a 4500 |
| 020 |
|
|
|a 81-7638-386-4
|
| 082 |
|
|
|a 894.812
|
| 100 |
|
|
|a Sethumadhavan T.P.
|
| 245 |
|
|
|a Eruma Valrthal (Malayalam)
|
| 260 |
|
|
|a Thiruvanadhapuram
|b Kerala Bhasha Institute
|
| 300 |
|
|
|a 58
|
| 700 |
|
|
|a Sethumadhavan T.P.
|
| 942 |
|
|
|c BK
|
| 999 |
|
|
|c 167993
|d 167993
|
| 952 |
|
|
|0 0
|1 0
|4 0
|6 894_812000000000000_SET_ER
|7 0
|9 172147
|a KAUCOAP
|b KAUCOAP
|d 2014-12-24
|o 894.812 SET/ER
|p KAU_COAP08061
|r 2014-12-24
|w 2014-12-24
|y BK
|
| 952 |
|
|
|0 0
|1 0
|4 0
|6 894_812000000000000_SET_ER
|7 0
|9 172148
|a KAUCOAP
|b KAUCOAP
|d 2014-12-24
|o 894.812 SET/ER
|p KAU_COAP08060
|r 2014-12-24
|w 2014-12-24
|y BK
|